000 00653nam a2200253Ia 4500
003 OSt
005 20221005022046.0
006 a|||||r|||| 00| 0
007 ta
008 221004b |||||||| |||| 00| 0 eng d
020 _a1 84014 700 8
024 _a73495
037 _cTextual
040 _aCRL
_cCRL
_beng
041 _2eng
_aeng
082 _aXM2, P1
100 _aRobinson Cedric J
_9231078
245 0 _aAnthropology of marxism
260 _aAldershot
_bAshgate Publishing Limited
_c2001
300 _a169p.
_ccm.
650 _aECONOMICS
942 _hXM2, P1
_cTEXL
_2cc
999 _c928591
_d928591